<The> Roots of Backpropagation From Ordered Derivatives to Neural Networks and Political Forecasting
Gespeichert in:
| 1. Verfasser: | |
|---|---|
| Format: | Buch |
| Sprache: | Englisch |
| Veröffentlicht: |
New York
WILEY
1994
|
| Ausgabe: | 1. ed. |
| Schlagworte: | |
| Tags: |
Keine Tags, Fügen Sie das erste Tag hinzu!
|
MARC
| LEADER | 00000nam a2200000 4500 | ||
|---|---|---|---|
| 001 | c013501 | ||
| 005 | 20221205141025.3 | ||
| 020 | |a 0-471-59897-6 | ||
| 041 | 0 | |a eng | |
| 044 | |a US | ||
| 245 | 1 | 0 | |a <The> Roots of Backpropagation |b From Ordered Derivatives to Neural Networks and Political Forecasting |c Paul John Werbos |
| 250 | |a 1. ed. | ||
| 264 | 1 | |a New York |b WILEY |c 1994 | |
| 300 | |a 319 s. | ||
| 610 | 2 | 0 | |a spracovanie dát |
| 610 | 2 | 0 | |a predvídanie |
| 610 | 2 | 0 | |a analýza regresná |
| 610 | 2 | 0 | |a komunikácia |
| 610 | 2 | 0 | |a kontrola |
| 610 | 2 | 0 | |a správanie |
| 610 | 2 | 0 | |a väzba spätná |
| 610 | 2 | 0 | |a siete neurónové |
| 100 | 1 | |a Werbos, Paul John | |